| 000 | 03458nas a22002657a 4500 | ||
|---|---|---|---|
| 003 | NALT | ||
| 005 | 20251028155856.0 | ||
| 006 | a|||p|r|||| 00| 0 | ||
| 007 | ta | ||
| 008 | 251028b th |||p| |||| 00| 0 tha d | ||
| 022 | _a01250558 | ||
| 040 | _aNALT | ||
| 041 | _atha | ||
| 245 | 0 | 0 | _aดุลพาห ปีที่ 60 ฉบับที่ 3 (กันยายน-ธันวาคม 2557). |
| 260 | _aอรุณการพิมพ์. | ||
| 310 | _aรายสี่เดือน. | ||
| 500 | _aวารสารเย็บเล่ม | ||
| 505 | 2 | _aปีที่ 60 ฉบับที่ 3 ก.ย.-ธ.ค. 2557 -- การรับรองสิทธิขั้นพื้นฐานด้านสิ่งแวดล้อมภายใต้รัฐธรรมนูญแห่งราชอาณาจักรไทย -- การคุ้มครองผู้ลงทุนในตลาดทุนด้วยการดำเนินคดีแบบกลุ่ม -- ฎีกาประวัติศาสตร์ : คดีหมอจันทร์ทำร้ายฆ่าพระยารัษฎาฯ -- วิธีการทางการแพทย์กับการคุ้มครองสิทธิบัตร : ศึกษาเปรียบเทียบกฎหมายของประเทศไทยกับต่างประเทศ -- พฤติกรรม การร่วมกันจำกัดการแข่งขันทางด้านราคาในแนวราบ (cartel): ศึกษาแนวทางการบังคับใช้กฎหมายของประเทศสหรัฐอเมริกา -- ปัญหาและอุปสรรคระบบการพิจารณาคดีครบองค์คณะ และต่อเนื่องของศาลยุติธรรมในสถานการณ์ปัจจุบัน -- ปัญหาว่าด้วยคำสั่งศาลให้นายจ้างรับลูกจ้างกลับเข้าทำงานกับสิทธิในค่าจ้างย้อนหลังนับแต่วันถูกเลิกจ้าง -- อิสรภาพราคาแพง สำหรับคนจน : การปล่อยชั่วคราวสภาพปัญหาและหนทางแก้ไข (ตอนที่ 1) -- วิเคราะห์โครงสร้างตุลาการไทยชั้นศาลฎีกา บนพื้นฐานแนวคิดทฤษฎีมิติเชิงโครงสร้างองค์การของ Richard L. Daft Thailand's Supreme Court Structure Analysis and Restructuring Suggestion on the Structure of Organization Design Model of Richard L. Daft. -- สัมผัสคดีดังต่างประเทศ : การขอสิทธิบัตรในกฎแห่งธรรมชาติ (Law of Nature).. | |
| 650 | 0 |
_aสิทธิบัตร _915131 |
|
| 850 | _aNALT | ||
| 866 | _aปีที่ 60 ฉบับที่ 3 (กันยายน-ธันวาคม 2557). | ||
| 942 | _cBOUND | ||
| 996 |
_aaroonthip.c _bLIBSTF _c2025-10-28 |
||
| 999 |
_c107414 _d107414 |
||
| 998 |
_h179 _j179 _k นางสาวอรุณทิพย์ จันทร์ดิษฐ์ |
||